| 000 | 01539cam a22003857a 4500 | ||
|---|---|---|---|
| 003 | CHAP | ||
| 005 | 20241112062703.0 | ||
| 008 | 980828d1997 mx ab r 00110 spa d | ||
| 010 | _a75562 | ||
| 011 | _a76534 | ||
| 020 | _a968884442X | ||
| 035 | _a86119 | ||
| 040 | _cCHAP | ||
| 082 | 0 | 4 |
_a634.9722 _bR5 |
| 100 | 1 | 0 |
_aSchwentesius Rindermann, Rita _9103302 |
| 245 | 1 | 3 |
_aEl litchi la fruta más fina del mundo : _bmercado mundial y perspectivas para México _c/por Rita Schwentesius Rindermann y Manuel Angel Gómez Cruz |
| 260 |
_aChapingo, Méx. : _bUACH. Centro de Investigaciones Económicas, Sociales y Tecnológicas de la Agroindustria y la Agricultura Mundial, _c1997. |
||
| 300 |
_a121 p. : _bilus. ; gráfs. ; mapas |
||
| 410 | _aUACH. CIESTAAM | ||
| 490 | 0 | _aColección estructura y dinámica de los sistemas agroindustriales | |
| 590 |
_aBATCH-UPD _b10 _c20130110 _lUCH01 _h1738 |
||
| 590 |
_aBATCH-UPD _b10 _c20130410 _lUCH01 _h1117 |
||
| 590 |
_aBATCH-UPD _b10 _c20130914 _lUCH01 _h1004 |
||
| 590 |
_aCONVERSION _b10 _c20130109 _lUCH01 _h1341 |
||
| 650 | 1 | 4 |
_aFruta _xMercadeo. _943633 |
| 650 | 1 | 4 |
_aLitchi chinensis. _967111 |
| 700 | 1 |
_aGómez Cruz, Manuel Ángel _949661 |
|
| 810 | 0 |
_aUACh. CIESTAAM _9115844 |
|
| 830 | 0 |
_aColección estructura y dinámica de los sistemas agroindustriales _924851 |
|
| 901 | _aBK | ||
| 905 | _aGuadalupe Pinto C. | ||
| 942 | _cLIBRO | ||
| 949 |
_a634.9722 R5 _bBC _cLIBRO _d33724000696613 _eLIBRO _h93347 _i86119 _si |
||
| 949 |
_a634.9722 R5 _bBC _cUACH _d861192 _eUACH _fc.2 _h93348 _i86119 _sb |
||
| 999 |
_c75562 _d75562 |
||